LEADER 01015nam0-22003851i-450 001 990001069750403321 005 20180925090022.0 035 $a000106975 035 $aFED01000106975 035 $a(Aleph)000106975FED01 100 $a20000920d1959----km-y0itay50------ba 101 0 $aeng 200 1 $aAdvances in Spectroscopy$fEdited by H.W. Thompson 210 $aNew York$cInterscience$d1959 300 $aVol. 1. 300 $aVol. 2. 610 0 $aStruttura atomica 610 0 $aSpettroscopia 676 $a539.14$a535.84 700 1$aThompson,$bHarold Warris$050907 801 0$aIT$bUNINA$gRICA$2UNIMARC 901 $aBK 912 $a990001069750403321 952 $aDCH-020-22/1$b669/L$fDCH 952 $aDCH-020-22/2$b9366$fDCH 952 $a35-014.001$fFI1 952 $a35-014$b1781$fFI1 952 $a35-014.002$fFI1 952 $a35-014.003$fFI1 959 $aDCH 959 $aDCH 959 $aFI1 996 $aAdvances in Spectroscopy$9339857 997 $aUNINA DB $aING01 LEADER 01148nam--2200373---450- 001 990001075410203316 005 20050502121436.0 035 $a000107541 035 $aUSA01000107541 035 $a(ALEPH)000107541USA01 035 $a000107541 100 $a20020506d1984----km-y0itaa50------ba 101 0 $aita 102 $aIT 105 $aa---z---001yy 200 1 $aEpidemie dell'immaginario$etendenze del cinnema fantastico$fa cura di Fausto Galosi, Fabrizio Grosoli 210 $aAncona$cIl lavoro editoriale$dcopyr.1984 215 $a56 p.$cill.$d30 cm 606 0 $aFilm di fantascienza 606 0 $aFilm dell'orrore 676 $a791.43615 702 1$aGALOSI,$bFausto 702 1$aGROSOLI,$bFabrizio 801 0$aIT$bsalbc$gISBD 912 $a990001075410203316 951 $aXIII.2. 1457(XVI F 44)$b138755 L.M.$cXVI F$d00069745 959 $aBK 969 $aUMA 979 $aANGELA$b90$c20020506$lUSA01$h1749 979 $aANGELA$b90$c20020506$lUSA01$h1753 979 $aPATRY$b90$c20040406$lUSA01$h1714 979 $aCOPAT1$b90$c20050502$lUSA01$h1214 996 $aEpidemie dell'immaginario$9979189 997 $aUNISA LEADER 03407nam 2200673 a 450 001 9910962125903321 005 20251117115724.0 010 $a1-134-95980-X 010 $a1-134-95981-8 010 $a1-280-21690-5 010 $a9786610216901 010 $a0-203-98020-4 024 7 $a10.4324/9780203980200 035 $a(CKB)1000000000000499 035 $a(EBL)1122886 035 $a(OCoLC)742294493 035 $a(SSID)ssj0000100975 035 $a(PQKBManifestationID)11131288 035 $a(PQKBTitleCode)TC0000100975 035 $a(PQKBWorkID)10037693 035 $a(PQKB)10922213 035 $a(MiAaPQ)EBC1122886 035 $a(Au-PeEL)EBL1122886 035 $a(CaPaEBR)ebr10017042 035 $a(CaONFJC)MIL21690 035 $a(OCoLC)900478028 035 $a(OCoLC)179094877 035 $a(FINmELB)ELB132711 035 $a(EXLCZ)991000000000000499 100 $a19911029d1992 uy 0 101 0 $aeng 135 $aur|n|---||||| 181 $ctxt 182 $cc 183 $acr 200 10$aAl-Farabi and his school /$fIan Richard Netton 210 $aLondon ;$aNew York $cRoutledge$d1992 210 1$aLondon ;$aNew York :$cRoutledge,$d1992. 215 $a1 online resource (143 p.) 225 1 $aArabic thought and culture 300 $aDescription based upon print version of record. 311 08$a0-7007-1064-7 311 08$a0-415-03594-5 320 $aIncludes bibliographical references (p. 112-120) and index. 327 $aCover; AL-FA?RA?BI? AND HIS SCHOOL; Copyright; CONTENTS; FIGURES; PREFACE AND ACKNOWLEDGEMENTS; ABBREVIATIONS; 1 THE AGE OF FA?RA?BISM; The Second Master and His Students; Al-Fa?ra?bi? (c. AD 870-950); Yahya? b. 'Adi? (AD 893/4-974); Abu? Sulayma?n al-Sijista?ni? (c. AD 913/4-AD 987/8); Abu? 'l-Hasan Muhammad b. Yusuf al-'A?miri? (d. AD 992); Abu? Hayyan al-Tawhi?di? (c. AD 922-32 to c. AD 1023); Court culture, conviviality and Kala?m; 2 THE EPISTEMOLOGICAL SUBSTRATE OF FA?RA?BISM (i): THE PARADIGM OF THE SECOND MASTER; The Quest for knowledge; Al-Fa?ra?bi? and knowledge 327 $a3 THE EPISTEMOLOGICAL SUBSTRATE OF FA?RA?BISM (ii): IN THE STEPS OF THEIR MASTERThe Elements of Yahya? b. 'Adi?'s Epistemology; Al-Sijista?ni? and Knowledge; Al-'A?miri? and knowledge; Al-Tawhi?di? and knowledge; 4 CONCLUSION; 5 BIBLIOGRAPHICAL GUIDE; NOTES; BIBLIOGRAPHY; INDEX 330 $aExamines one of the most exciting and dynamic periods in the development of medieval Islam, from the late 9th to the early 11th century, through the thought of five of its principal thinkers, prime among them al-Farabi. This great Islamic philosopher, called 'the Second Master' after Aristotle, produced a recognizable school of thought in which others pursued and developed some of his own intellectual preoccupations. Their thought is treated with particular reference to the most basic questions which can be asked in the theory of knowledge or epistemology. The book thus fills a lacuna in the l 410 0$aArabic thought and culture. 606 $aKnowledge, Theory of (Islam) 615 0$aKnowledge, Theory of (Islam) 676 $a181/.6 700 $aNetton$b Ian Richard$0614797 801 0$bMiAaPQ 801 1$bMiAaPQ 801 2$bMiAaPQ 906 $aBOOK 912 $a9910962125903321 996 $aAl-Farabi and his School$91132811 997 $aUNINA